000 00689nam a2200289Ia 4500
005 20260324141935.0
008 008 260324s9999 xx 000 0 eng d
020 _a9780203359723
037 _aEBOOK
040 _aCRL
040 _beng
040 _cCRL
041 _2eng
041 _aeng
084 _qCRL
100 _aDiane Purkiss
_91210089
245 4 _aThe Witch in History
245 0 _bEarly Modern and Twentieth-Century Representations
260 _bTaylor and Francis
260 _c1996
365 _a
365 _b230
856 _uhttp://www.taylorfrancis.com/books/9780203359723
942 _cEBOOK
999 _c1813718
_d1813718